| 000 | 00389nam a2200133Ia 4500 | ||
|---|---|---|---|
| 008 | 170516s9999 xx 000 0 und d | ||
| 245 | _aX-Ray Induced Photodynamic Therapy: A Combination of Radiotherapy and Photodynamic Therapy | ||
| 260 | _bTheranostics | ||
| 260 | _c2016 | ||
| 300 | _a6:13 | ||
| 650 | _xMedical Technology | ||
| 650 | _xMedtech | ||
| 856 | _uhttp://www.thno.org/v6i13 | ||
| 999 |
_c330929 _d330929 |
||